<?xml version="1.0" encoding="UTF-8"?>
<record
    xmlns:xsi="http://www.w3.org/2001/XMLSchema-instance"
    xsi:schemaLocation="http://www.loc.gov/MARC21/slim http://www.loc.gov/standards/marcxml/schema/MARC21slim.xsd"
    xmlns="http://www.loc.gov/MARC21/slim">

  <leader>01829nam a2200337 a 4500</leader>
  <controlfield tag="001">00167</controlfield>
  <controlfield tag="003">DO-SdBNP</controlfield>
  <controlfield tag="005">20180313123413.0</controlfield>
  <controlfield tag="007">00167</controlfield>
  <controlfield tag="008">150130s2001  dr 2001         000 0 spa d</controlfield>
  <datafield tag="020" ind1=" " ind2=" ">
    <subfield code="a">8482613421 </subfield>
  </datafield>
  <datafield tag="040" ind1=" " ind2=" ">
    <subfield code="a">BPMSU</subfield>
    <subfield code="b">spa</subfield>
    <subfield code="c">BPMSU</subfield>
  </datafield>
  <datafield tag="092" ind1=" " ind2=" ">
    <subfield code="a">373.7    </subfield>
    <subfield code="b">F316m    3ro.   2001</subfield>
  </datafield>
  <datafield tag="100" ind1=" " ind2=" ">
    <subfield code="a">F&#xE9;liz, Orelvis</subfield>
  </datafield>
  <datafield tag="245" ind1="1" ind2="0">
    <subfield code="a">Matem&#xE1;ticas 3 :</subfield>
    <subfield code="b">[educaci&#xF3;n media] /</subfield>
    <subfield code="c">Orelvis F&#xE9;liz, Ram&#xF3;n Laurens </subfield>
  </datafield>
  <datafield tag="260" ind1=" " ind2=" ">
    <subfield code="a">Santo Domingo :</subfield>
    <subfield code="b">Santillana,</subfield>
    <subfield code="c">2001.</subfield>
  </datafield>
  <datafield tag="300" ind1=" " ind2=" ">
    <subfield code="a">279 p. :</subfield>
    <subfield code="b">il., retrs. ;</subfield>
    <subfield code="c">28 cm.</subfield>
  </datafield>
  <datafield tag="490" ind1="1" ind2=" ">
    <subfield code="a">Umbral</subfield>
  </datafield>
  <datafield tag="505" ind1="1" ind2=" ">
    <subfield code="t">1er. curso / 2do. ciclo --</subfield>
    <subfield code="t">Unidad 1: |Sistemas de ecuaciones --</subfield>
    <subfield code="t">Unidad 2:  Sistemas de inecuaciones --</subfield>
    <subfield code="t">Unidad 3: Vectores --</subfield>
    <subfield code="t">Unidad 4: Matrices y determinantes --</subfield>
    <subfield code="t">Proyecto: &#xBF;C&#xF3;mo son tus h&#xE1;bitos de consumo? (I) --</subfield>
    <subfield code="t">Unidad 5: La recta en el plano --</subfield>
    <subfield code="t">Unidad 6:  Funciones --</subfield>
    <subfield code="t">Unidad 7:  Las c&#xF3;nicas --</subfield>
    <subfield code="t">Proyecto: &#xBF;C&#xF3;mo son tus h&#xE1;bitos de consumo? (II) --</subfield>
    <subfield code="t">Unidad 8 : La circunferencia --</subfield>
    <subfield code="t">Unidad 9:  &#xC1;rea de figuras planas --</subfield>
    <subfield code="t">Unidad 10: La funci&#xF3;n exponencial --</subfield>
    <subfield code="t">Unidad 11: La funci&#xF3;n logar&#xED;tmica --</subfield>
    <subfield code="t">Proyecto: &#xBF;C&#xF3;mo crece la poblaci&#xF3;n mundial? (I) --</subfield>
    <subfield code="t">Unidad 12 -- Ecuaciones exponenciales y logar&#xED;tmicas --</subfield>
    <subfield code="t">Unidad 13 -- Las funciones trigonom&#xE9;tricas --</subfield>
    <subfield code="t">Unidad 14 -- S&#xF3;lidos geom&#xE9;tricos --</subfield>
    <subfield code="t">Proyecto: &#xBF;C&#xF3;mo crece la poblaci&#xF3;n mundia? (II) --</subfield>
  </datafield>
  <datafield tag="650" ind1=" " ind2="4">
    <subfield code="a">EDUCACI&#xD3;N SECUNDARIA</subfield>
    <subfield code="z">REP&#xDA;BLICA DOMINICANA</subfield>
  </datafield>
  <datafield tag="650" ind1=" " ind2="4">
    <subfield code="a">MATEM&#xC1;TICAS</subfield>
    <subfield code="x">LIBROS DE TEXTOS</subfield>
  </datafield>
  <datafield tag="650" ind1=" " ind2="4">
    <subfield code="a">MATEM&#xC1;TICAS</subfield>
    <subfield code="x">ENSE&#xD1;ANZA SECUNDARIA</subfield>
  </datafield>
  <datafield tag="650" ind1=" " ind2="4">
    <subfield code="a">MATEM&#xC1;TICAS</subfield>
    <subfield code="x">ESTUDIOS Y EJERCICIOS</subfield>
  </datafield>
  <datafield tag="700" ind1="1" ind2=" ">
    <subfield code="a">Laurens, Ram&#xF3;n</subfield>
  </datafield>
  <datafield tag="830" ind1=" " ind2="0">
    <subfield code="a">Umbral</subfield>
  </datafield>
  <datafield tag="910" ind1=" " ind2=" ">
    <subfield code="a">Validado. Control de calidad MFF</subfield>
  </datafield>
  <datafield tag="942" ind1=" " ind2=" ">
    <subfield code="2">ddc</subfield>
    <subfield code="c">BK</subfield>
  </datafield>
  <datafield tag="945" ind1=" " ind2=" ">
    <subfield code="a">Remanejado para la BNPHU / 2018 VM</subfield>
  </datafield>
  <datafield tag="952" ind1=" " ind2=" ">
    <subfield code="0">0</subfield>
    <subfield code="1">0</subfield>
    <subfield code="2">ddc</subfield>
    <subfield code="4">0</subfield>
    <subfield code="7">0</subfield>
    <subfield code="8">CE</subfield>
    <subfield code="a">BPMET</subfield>
    <subfield code="b">BPMET</subfield>
    <subfield code="d">2016-04-07</subfield>
    <subfield code="e">Donaci&#xF3;n</subfield>
    <subfield code="l">0</subfield>
    <subfield code="o">373.7    F316m    3ro   2001</subfield>
    <subfield code="p">BPMSU16040213</subfield>
    <subfield code="r">2016-04-07</subfield>
    <subfield code="w">2016-04-07</subfield>
    <subfield code="y">BK</subfield>
  </datafield>
  <datafield tag="956" ind1=" " ind2=" ">
    <subfield code="a">VMATEO</subfield>
    <subfield code="b">10</subfield>
    <subfield code="c">20150717</subfield>
    <subfield code="l">BPMSU</subfield>
    <subfield code="h">00151</subfield>
  </datafield>
  <datafield tag="956" ind1=" " ind2=" ">
    <subfield code="a">BTAV&#xC1;REZ</subfield>
    <subfield code="b">10</subfield>
    <subfield code="c">20160407</subfield>
    <subfield code="l">BPMSU</subfield>
    <subfield code="h">00167</subfield>
  </datafield>
  <datafield tag="999" ind1=" " ind2=" ">
    <subfield code="c">9626</subfield>
    <subfield code="d">9626</subfield>
  </datafield>
</record>
